Responses for Show #2601 - Monday, December 18, 1995

1995-B Seniors Tournament quarterfinal game 1.

Contestants

[<< previous game]

Nola Wegman, a retired English professor from Valparaiso, Indiana

Parma Holt, a homemaker from Silver Spring, Maryland

Ange Cardinali, a real estate salesman from Kenosha, Wisconsin

[next game >>]

Jeopardy! Round responses

NOTABLE NAMES
BUSINESS & INDUSTRY
THE CIRCUS
THE 1950s
TRAVEL U.S.A.
-OLOGIES
    $100 13
(Helen) Keller

Ange
    $100 20
Wrigley

Parma
    $100 22
a lion's mouth

Ange
    $100 4
the Dionne quints

Ange
    $100 1
San Francisco

Nola
    $100 2
churches

Parma
    $200 14
John Glenn

Parma
    $200 23
Brim

Parma
    $200 24
an elephant

Parma
    $200 5
Fidel Castro

Ange
    $200 9
(Nola: What is Juneau?)

Alaska

AngeNola
    $200 3
sins

Nola
    $300 15
Pelé

Parma
    $300 28
an infomercial

Nola
    $300 25
the Ringling Brothers

Parma
    $300 6
Akihito

Ange
    $300 10
Andy Williams

Triple Stumper
    $300 17
wings

Triple Stumper
    $400 16
Pavarotti

Nola
    $400 29
Babe Ruth

Nola
    $400 26
a clown

Ange
    $400 7
Dag Hammarskjöld

Ange
    $400 11
Liberace

Parma
    $400 18
meteorites

Triple Stumper
    $500 19
photography

Nola
    $500 30
Time Warner

Triple Stumper
    $500 27
somersault

Triple Stumper
    $1,000 8
Brasília

Ange
    $500 12
Morocco

Ange
    $500 21
(Nola: What are dinosaurs?)

thunder

Nola
Triple Stumper

Scores at the first commercial break (after clue 15):

Ange Parma Nola
$2,800 $1,000 $100

Scores at the end of the Jeopardy! Round:

Ange Parma Nola
$3,300 $1,800 $1,200

Double Jeopardy! Round responses

BODIES OF WATER
U.S. PRESIDENTS
MYTHOLOGY
NOVELS & NOVELISTS
HEALTH & MEDICINE
THE DUMONT NETWORK
    $200 9
the Atlantic Ocean

Parma
    $200 13
Kennedy

Ange
    $200 6
the Cyclops

Nola
    $200 1
Jane Eyre

Parma
    $200 21
CPR

Parma
    $200 26
The Honeymooners

Triple Stumper
    $400 11
the Amazon

Parma
    $400 14
FDR

Nola
    $400 7
Circe

Nola
    $400 2
Jules Verne

Parma
    $400 22
an ulcer

Parma
    $400 27
Arthur Murray

Ange
    $600 18
Mackinac

Ange
    $600 15
Chester Arthur

Parma
    $600 8
the Argonauts

Ange
    $600 3
(Joseph) Conrad

Parma
    $600 23
polio

Parma
    $600 28
The Original Amateur Hour

Ange
    $800 19
(Nola: What is Italy?)

Spain

AngeNola
    $2,000 16
James Buchanan

Parma
    $800 10
Narcissus

Ange
    $800 4
John Steinbeck

Nola
    $1,000 24
(Alex: [Prior to the wager] We have about a minute left in the round.)
...
(Alex: Yes, for eye tests.)

E

Parma
    $800 29
(Ange: Who is Milton, uh, [*]?)
[The end-of-round signal sounds.]

Bishop Sheen

Ange
    $1000 20
(Parma: What is the North Sea?)

the Baltic

ParmaNola
    $1000 17
(Ange: Who is Madison?)

John Quincy Adams

Ange
Triple Stumper
    $1000 12
Aeneas

Nola
    $1000 5
Norway

Nola
    $1000 25
sciatica

Parma

Scores at the end of the Double Jeopardy! Round:

Ange Parma Nola
$7,100 $8,400 $5,200

Final Jeopardy! Round responses

MUSICAL THEATRE
NolaWho is Molly Brown
$4,800
AngeWho is Unsinkable Molly Brown
$7,100
ParmaWho is Molly Brown?
$1,600
(Unsinkable) Molly Brown

Final scores:

Ange Parma Nola
$14,200 $10,000 $10,000
Automatic semifinalist 2nd place: $1,000 if eliminated 3rd place: $1,000 if eliminated

Game dynamics:

Coryat scores:

Ange Parma Nola
$6,600 $7,000 $5,200
18 R
(including 1 DD),
1 W
20 R
(including 2 DDs),
1 W
13 R,
3 W

Combined Coryat: $18,800

[game clues] [game scores] [suggest correction]

Game tape date: Unknown
The J! Archive is created by fans, for fans. Scraping, republication, monetization, and malicious use prohibited; this site may use cookies and collect identifying information. See terms. The Jeopardy! game show and all elements thereof, including but not limited to copyright and trademark thereto, are the property of Jeopardy Productions, Inc. and are protected under law. This website is not affiliated with, sponsored by, or operated by Jeopardy Productions, Inc. Join the discussion at JBoard.tv.